LIBRARY & INFORMATION CENTRE, KCAET, TAVANUR

ONLINE PUBLIC ACCESS CATALOGUE (OPAC)

Energy economics- theory and policy / (Record no. 11250)

MARC details
000 -LEADER
fixed length control field 00447cam a2200169ua 4500
041 ## - LANGUAGE CODE
Language code of text/sound track or separate title eng
082 ## - DEWEY DECIMAL CLASSIFICATION NUMBER
Classification number 333.7916
Item number PIR/EN
100 ## - MAIN ENTRY--AUTHOR NAME
Personal name Robert, L Pirog .
245 ## - TITLE STATEMENT
Title Energy economics- theory and policy /
260 ## - PUBLICATION, DISTRIBUTION, ETC. (IMPRINT)
Place of publication New Jersey :
Name of publisher Prentice Hall Inc ,
Year of publication 1987.
300 ## - PHYSICAL DESCRIPTION
Number of Pages 328 ; .
500 ## - GENERAL NOTE
General note **Reference
700 1# - ADDED ENTRY--PERSONAL NAME
Personal name Stephen, C Stamos .
942 ## - ADDED ENTRY ELEMENTS (KOHA)
Koha item type Books
Holdings
Withdrawn status Lost status Damaged status Home library Current library Date acquired Full call number Accession Number Koha item type
      KAUAET KAUAET 07/04/2012 333.7916 19480 Reference
free website counter